Mining the future : the Bafokeng story (Record no. 161815)

MARC details
000 -LEADER
fixed length control field 00343nam a2200097Ia 4500
082 ## - DEWEY DECIMAL CLASSIFICATION NUMBER
Classification number 305.896|MINI
008 - FIXED-LENGTH DATA ELEMENTS--GENERAL INFORMATION
fixed length control field 210817s9999 xx 000 0 und d
100 ## - MAIN ENTRY--PERSONAL NAME
Personal name Totem Media for the Research & Planning Department of the Royal Bafokeng Administration [South Africa], 2010
245 #0 - TITLE STATEMENT
Title Mining the future : the Bafokeng story
942 ## - ADDED ENTRY ELEMENTS
item type Books
Holdings
Withdrawn status Lost status Damaged status Not for loan Home library Current library Date acquired Cost, normal purchase price Total Checkouts Barcode Date last seen Price effective from item type
        Emthonjeni PL (MMID-PLEMA-EMTH) Emthonjeni PL (MMID-PLEMA-EMTH) 18.08.2021 73.00   3322810032667 18.08.2021 18.08.2021 Books